000 00431pab a2200169 454500
008 180718b2004 xxu||||| |||| 00| 0 eng d
100 _aGhaffari, Hadi
245 _aRural-urban migration: a search for economic determinants
260 _c2004
300 _ap.443-58.
362 _aJan
650 _aRural migration
650 _aMigration
700 _aSingh, S.P.
773 _aIndian Journal of Economics
909 _a59872
999 _c59872
_d59872